000 00867nam a2200289 i 4500
001 10144
003 ES-MaACL
005 20240927125315.0
007 t|
008 950310s1994 sp ||||1| spa d
020 _a84-87688-04-7
080 _a329(46)
080 _a329(8.03)
245 0 3 _aEl Populismo en España y América /
_cJosé Alvarez Junco, Ricardo González Leandri, compiladores.
250 _a[1ª ed.].
260 _aMadrid :
_bCatriel,
_c1994.
300 _a255 p. ;
_c22 cm.
490 1 _aEnsayo
504 _aBibliografía: p. 249-255.
650 1 4 _aPopulismo-
_zEspaña.
_916318
650 1 4 _aPopulismo-
_zAmérica latina.
_916317
700 _aÁlvarez Junco, José,
_d1942-
_9237536
700 1 _aGonzález Leandri, Ricardo.
_958744
830 0 _aEnsayo
_9177699
852 _aES-MaACL
_jL-17696
_bR.123287
999 _c10144
_d10144